| 000 | 00828nam1a22002291i 4500 | ||
|---|---|---|---|
| 001 | rc\3917284 | ||
| 005 | 20240921120832.0 | ||
| 035 | _a(NLR Aleph) 008023667 | ||
| 090 |
_a8776898 _c8776898 |
||
| 100 | _a20130415d1953 |||y0rusy50 ca | ||
| 101 | 0 |
_arus _akir |
|
| 102 | _aRU | ||
| 105 | _ay z ||||| | ||
| 200 | 1 |
_aСовременный киргизский язык _eЧ. 1- _fКирг. филиал Акад. наук СССР. Ин-т языка, литературы и истории |
|
| 210 |
_aФрунзе _cБ. и. _d1953 |
||
| 215 | _d22 | ||
| 606 |
_aКиргизский язык _2psbo |
||
| 700 | 1 |
_7ca _8rus _aБатманов _bИ. А. _f1906-1969 _gИгорь Алексеевич _9202027 _3RU\NLR\AUTH\770202078 |
|
| 801 | 0 |
_aRU _bNLR _gpsbo |
|
| 801 | 1 |
_aRU _bELAR _2rusmarc |
|
| 852 |
_aNLR _jЯ20 Г-5/29 |
||
| 942 | _cBOOK | ||